Gladehurst Properties Limited v Farid Hashemi (on behalf of himself and Matthew Johnson) (Record no. 83320)
[ view plain ]
| 000 -LEADER | |
|---|---|
| fixed length control field | 01341cab a22002055a 4500 |
| 001 - CONTROL NUMBER | |
| control field | E153579 |
| 008 - FIXED-LENGTH DATA ELEMENTS--GENERAL INFORMATION | |
| fixed length control field | 110808e20110519xxk 000 0 eng d |
| 035 ## - SYSTEM CONTROL NUMBER | |
| System control number | (Sirsi) u153579 |
| 041 0# - LANGUAGE CODE | |
| Language code of text/sound track or separate title | eng |
| 245 00 - TITLE STATEMENT | |
| Title | Gladehurst Properties Limited v Farid Hashemi (on behalf of himself and Matthew Johnson) |
| Medium | [electronic resource] |
| 260 ## - PUBLICATION, DISTRIBUTION, ETC. | |
| Date of publication, distribution, etc. | 2011 |
| 520 ## - SUMMARY, ETC. | |
| Summary, etc. | [2011] EWCA Civ 604, 19 May 2011. H and another had been tenants of a flat, on which a deposit was paid to G. The deposit was not placed within a tenancy deposit scheme. At the end of the tenancy, a deduction was made from the deposit before it was returned to H, to account for repairs and unpaid bills. H challenged this and made a claim for three times the amount of the deposit, under the Housing Act 2004 S214, on the basis that the rules relating to tenancy deposit schemes had not been followed. A previous judge had found for the defendents. "Held": appeal allowed. Once a lease has expired, a claim under S214 cannot be made. |
| 590 ## - LOCAL NOTE (RLIN) | |
| Local note | KA |
| 650 24 - SUBJECT ADDED ENTRY--TOPICAL TERM | |
| Topical term or geographic name entry element | GLADEHURST PROPERTIES v HASHEMI AND ANOR |
| 650 24 - SUBJECT ADDED ENTRY--TOPICAL TERM | |
| Topical term or geographic name entry element | HOUSING ACT 2004 S214 |
| 651 #4 - SUBJECT ADDED ENTRY--GEOGRAPHIC NAME | |
| Geographic name | England and Wales |
| Chronological subdivision | 1543- |
| 690 ## - LOCAL SUBJECT ADDED ENTRY--TOPICAL TERM (OCLC, RLIN) | |
| Topical term or geographic name as entry element | PROPERTY-LEASEHOLD PROPERTY-LANDLORD AND TENANT |
| 856 40 - ELECTRONIC LOCATION AND ACCESS | |
| Uniform Resource Identifier | <a href="https://www.bailii.org/ew/cases/EWCA/Civ/2011/604.html">https://www.bailii.org/ew/cases/EWCA/Civ/2011/604.html</a> |
| Public note | View the judgement free of charge at www.bailii.org |
| 942 ## - ADDED ENTRY ELEMENTS (KOHA) | |
| Suppress in OPAC | 0 |
| Withdrawn status | Lost status | Source of classification or shelving scheme | Damaged status | Not for loan | Home library | Current library | Shelving location | Date acquired | Total Checkouts | Full call number | Barcode | Date last seen | Copy number | Price effective from | Koha item type |
|---|---|---|---|---|---|---|---|---|---|---|---|---|---|---|---|
| Dewey Decimal Classification | Virtual | Virtual | Online | 08/08/2011 | ONLINE PUBLICATION | 153579-2001 | 06/08/2019 | 1 | 06/08/2019 | Law report |